000 01293cam a2200349 i 4500
001 2052257
003 EG-ScBUE
005 20250716094228.0
008 930909t1994 flua f bf 001 0 eng d
020 _a0849301971 (acidfree paper)
020 _a9780849301971
040 _aDLC
_beng
_erda
_cDLC
_dDLC
_dEG-ScBUE
082 0 4 _a541.360212
_bLID
_222
100 1 _aLide, David R.,
_d1928-
_eauthor.
_939169
245 1 0 _aCRC handbook of thermophysical and thermochemical data /
_cDavid R. Lide, Henry V. Kehiaian.
264 1 _aBoca Raton :
_bCRC Press,
_c[1994]
264 4 _cc1994
300 _ax, 518 pages :
_billustrations ;
_c28 cm
336 _2rdacontent
_atext
_btxt
337 _2rdamedia
_aunmediated
_bn
338 _2rdacarrier
_avolume
_bnc
500 _aThe software mentioned in this book is now available for download on our web site at :
504 _aIncludes bibliographical references and index.
650 7 _aMatter
_xThermal properties
_xHandbooks, manuals, etc.
_2BUEsh
650 7 _aThermodynamics
_xHandbooks, manuals, etc.
_2BUEsh
650 7 _aThermochemistry
_xHandbooks, manuals, etc.
_2BUEsh
651 _2BUEsh
653 _bENGGEN
_cJuly2015
_cJanuary2016
655 _vReading book
700 1 _aKehiaian, H. V.
_q(Henry V.)
_eauthor.
942 _2ddc
_cBB
999 _c20336
_d20308